| 000 | 01363nam a22002657a 4500 | ||
|---|---|---|---|
| 005 | 20090918113835.0 | ||
| 008 | 090918t xxu||||| |||| 00| 0 hin d | ||
| 010 | _aHIN-88743 | ||
| 020 |
_a8128812998 _c60.00 |
||
| 035 | _aHN-61089 | ||
| 037 | _bDBAD / PUB | ||
| 040 |
_aDPL _bHN |
||
| 082 | _a370.113 | ||
| 100 | _aरूहेला, सत्यपाल | ||
| 245 |
_aकार्यानुभव की शिक्षा / _cसत्यपाल रूहेला एवं देवेन्द्र |
||
| 246 |
_aKaranvhaw li sikha _bby Satyapal Ruhela |
||
| 260 |
_aनई दिल्ली _bडायमंड पॉकेट बुक्स _c2006 |
||
| 270 |
_aX-30, ओखला इंडस्ट्रियल एरिया, फेजृ-11 _bनई दिल्ली _e110020 _k011 41611861 _l011 41611866 _msales@diamondpublication.com |
||
| 300 |
_a168पृ. _c22सेमी (अजिल्द) |
||
| 650 | _aकार्यानुभव की शिक्षा | ||
| 650 | _aWork Experience Education | ||
| 700 | _aदेवेन्द्र | ||
| 942 |
_2ddc _cHN _mरूहेला _h370.113 |
||
| 999 |
_c32162 _d32162 |
||